Statistics for European History by Letter E

Click here to take the quiz!

General Stats

  • This quiz has been taken 155 times
  • The average score is 12 of 15

Answer Stats

HintAnswer% Correct
Most common currency in EuropeEuro
97%
He developed the theory of relativityAlbert Einstein
96%
Most common name of English kings (along with Henry)Edward
90%
One of Scotland's oldest univerisities is located hereEdinburgh
89%
The world's tallest building at the beginning of the 20th centuryEiffel Tower
87%
First name of the woman who was Hitler's lover and wife for 36 hoursEva
85%
Only European state where elections are onlineEstonia
85%
Napoleon and Franz Joseph were this type of rulersEmperor
84%
Viking who explored GreenlandErik the red
82%
Napoleon was exiled to this island (later he escaped)Elba
80%
Device used by German military to encode strategic messagesEnigma machine
80%
Native name of the country that was ruled by Francisco FrancoEspaña
79%
Virgin queen of EnglandElizabeth I
74%
Co-author of Communist ManifestoFriedrich Engels
71%
Greek goddess of chaos, strife and discordEris
51%

Score Distribution

Percentile by Number Answered

Percent of People with Each Score

Your Score History

You have not taken this quiz